Flags of French History - Statistics

General Stats
  • This quiz has been taken 16 times
    10 since last reset
  • The average score is 5 of 8
Answer Stats
Picture Answer % Correct
French Republic
100%
First French Empire
78%
Kingdom of France
67%
Vichy France
67%
Bourbon France
56%
Frankish Empire
56%
First French Republic
33%
Capetian France
11%
No matching quizzes found
Score Distribution
Percent of People with Each Score
Percentile by Number Answered
Your Score History
You have not taken this quiz since the last reset